Theory and application of environmental economics

Na minha lista:
Detalhes bibliográficos
Autor principal: Nijkamp, Peter
Formato: Livro
Idioma:inglês
Publicado em: Amsterdam North-Holland Pub. Co. 1980
Colecção:Studies in regional science and urban economics vol. 1
Tags: Adicionar Tag
Sem tags, seja o primeiro a adicionar uma tag!

MARC

LEADER 00000nam a2200000 4500
001 c128652
005 20041019155244.1
041 0 |a eng 
044 |a NL 
245 1 0 |a Theory and application of environmental economics  |c Peter Nijkamp 
264 1 |a Amsterdam  |b North-Holland Pub. Co.  |c 1980 
300 |a 332 s. 
490 1 |a Studies in regional science and urban economics  |v vol. 1 
830 0 |a Studies in regional science and urban economics  |v vol. 1 
100 1 |a Nijkamp, Peter